Informácia o konjunktúrnych tendenciách v ekonomike USA Príloha Hospodárskych novín
Analýza progresívnych tendencií vo vývoji hospodárstva USA v treťom štvrťroku 1996 a prognózy na r. 1997.
Salvato in:
| Natura: | Capitolo di libro |
|---|---|
| Lingua: | slovacco |
| Soggetti: | |
| Tags: |
Nessun Tag, puoi essere il primo ad aggiungerne!!
|
MARC
| LEADER | 00000naa a2200000 4500 | ||
|---|---|---|---|
| 001 | r025645 | ||
| 005 | 20230824085327.8 | ||
| 041 | 0 | |a slo | |
| 044 | |a SK | ||
| 245 | 1 | 0 | |a Informácia o konjunktúrnych tendenciách v ekonomike USA |b Príloha Hospodárskych novín |
| 520 | |a Analýza progresívnych tendencií vo vývoji hospodárstva USA v treťom štvrťroku 1996 a prognózy na r. 1997. | ||
| 610 | 2 | 0 | |a USA |
| 610 | 2 | 0 | |a júl-september |
| 610 | 2 | 0 | |a vývoj hospodársky |
| 610 | 2 | 0 | |a 1996 |
| 610 | 2 | 0 | |a 1997 |
| 610 | 2 | 0 | |a situácia hospodárska |
| 610 | 2 | 0 | |a konjunktúra hospodárska |